An introduction to English language : (رقم التسجيلة. 14248)

تفاصيل مارك
000 -الفاتح
حقل البيانات ثابتة الطول 01555cam a2200385 a 4500
001 - رقم الضبط
رقم الضبط 16569078
003 - محدد رقم الضبط
رقم الضبط OSt
005 - وقت وتاريخ اخر تعامل مع التسجيلة
رقم الضبط 20150408113917.0
008 - عناصر البيانات ثابتة الطول - معلومات عامة
حقل البيانات ثابتة الطول 110907s2010 nyua 001 0 eng d
010 ## - رقم ضبط مكتبة الكونجرس
رقم ضبط مكتبة الكونجرس 2010549526
020 ## - الرقم الدولى المعيارى للكتب
الرقم الدولى المعيارى للكتاب 9780230208001
020 ## - الرقم الدولى المعيارى للكتب
الرقم الدولى المعيارى للكتاب 0230208002
035 ## - رقم ضبط النظام
رقم ضبط النظام (OCoLC)ocn495598210
040 ## - مصدر الفهرسة
وكالة الفهرسة الأصلية UKM
وكالة النسخ دار اجنادين
وكالة التعديل YDXCP
-- DEBBG
-- BTCTA
-- BWK
-- C#P
-- BWX
-- CDX
-- VP@
-- DLC
042 ## - رمز التحقق
رمز التحقق lccopycat
082 ## - رقم تصنيف ديوى العشرى
رقم الطبعة 21
رقم التصنيف 420
رقم المادة K K I
100 1# - المدخل الرئيسى - إسم شخصى
الإسم الشخصى Kuiper, Koenraad.
9 (RLIN) 4001
245 13 - بيان العنوان
العنوان An introduction to English language :
بقية العنوان word, sound and sentence /
بيان المسئوليه,etc Koenraad Kuiper and W. Scott Allan.
250 ## - بيان الطبعة
بيان الطبعة 3rd ed.
260 ## - PUBLICATION, DISTRIBUTION, ETC. (IMPRINT)
مكان الناشر او الموزع New York :
اسم الناشر او الموزع Palgrave Macmillan,
تاريخ النشر أو التوزيع 2010.
300 ## - الوصف المادى
التعداد xxii, 364 p. :
تفاصيل ماديه اخرى للوعاء some ill. ;
أبعاد الوعاء 26 cm.
500 ## - تبصرة عامة
تبصرة عامة Previous ed.: 2004.
500 ## - تبصرة عامة
تبصرة عامة Includes index.
650 #0 - المدخل الاضافى بالموضوع-مصطلح موضوعى
مصطلح موضوعي أو اسم جغرافي كعنصر مدخل English language.
650 #0 - المدخل الاضافى بالموضوع-مصطلح موضوعى
مصطلح موضوعي أو اسم جغرافي كعنصر مدخل English language
التقسيم الفرعي الشكلي Problems, exercises, etc.
650 #0 - المدخل الاضافى بالموضوع-مصطلح موضوعى
مصطلح موضوعي أو اسم جغرافي كعنصر مدخل English language
التقسيم الفرعي الشكلي Textbooks for foreign speakers.
9 (RLIN) 4002
650 #0 - المدخل الاضافى بالموضوع-مصطلح موضوعى
مصطلح موضوعي أو اسم جغرافي كعنصر مدخل Linguistics.
9 (RLIN) 3419
700 1# - المدخل الاضافى - اسم شخصى
الإسم الشخصى Allan, W. Scott,
التواريخ المصاحبة للاسم 1958-
9 (RLIN) 4003
856 42 - الوصول و الموقع الالكترونى
مواد محددة Contributor biographical information
معرف المصدر الموحد <a href="http://www.loc.gov/catdir/enhancements/fy1112/2010549526-b.html">http://www.loc.gov/catdir/enhancements/fy1112/2010549526-b.html</a>
856 42 - الوصول و الموقع الالكترونى
مواد محددة Publisher description
معرف المصدر الموحد <a href="http://www.loc.gov/catdir/enhancements/fy1112/2010549526-d.html">http://www.loc.gov/catdir/enhancements/fy1112/2010549526-d.html</a>
856 41 - الوصول و الموقع الالكترونى
مواد محددة Table of contents only
معرف المصدر الموحد <a href="http://www.loc.gov/catdir/enhancements/fy1112/2010549526-t.html">http://www.loc.gov/catdir/enhancements/fy1112/2010549526-t.html</a>
906 ## - عنصر بيانات محلى F, LDF (RLIN)
a 7
b cbc
c copycat
d 2
e ncip
f 20
g y-gencatlg
942 ## - عناصر المدخل الإضافي( كوها)
مصدر التصنيف او مخطط الترفيف Dewey Decimal Classification
Koha [default] item type DVD
المقتنيات
حالة الفقد نموذج السعر الفعال حالة تلف ليس للاعارة رقم الطلب تاريخ الاكتساب الموقع الحالي الباركود الفرع الرئيسي Date last seen نوع المادة فى نظام كوها مصدر التصنيف او خطة الترفيف Total Checkouts
  2013-03-10     420 K K I 2011-09-07 قسم الاجراءات الفنية (IC) 00101852 قسم الاجراءات الفنية (IC) 2013-03-10 كتاب Dewey Decimal Classification  
  2013-03-10     420 K K I 2011-09-07 قسم الاجراءات الفنية (IC) 00101853 قسم الاجراءات الفنية (IC) 2013-03-10 كتاب Dewey Decimal Classification